[Event "Tom Weston Major op"]
[Site "Wales"]
[Date "2007.04.07"]
[Round "2"]
[White "Bollada, Peter"]
[Black "Duong, Tuan"]
[Result "1-0"]
[WhiteElo "1769"]
[BlackElo "1603"]
[PlyCount "121"]
[EventDate "2007.04.06"]
[EventType "swiss"]
[EventRounds "7"]
[EventCountry "WLS"]
[SourceTitle "EXT 2010"]
[Source "ChessBase"]
[SourceDate "2010.11.25"]
[SourceVersion "1"]
[SourceVersionDate "2010.11.25"]
[SourceQuality "1"]

1. e4 e5 2. Nf3 Nc6 3. g3 Bc5 4. Bg2 d6 5. 0-0 Bg4 6. c3 Qd7 7. b4 Bb6 8. a4 a6 9. Re1 h5 10. Qb3 Bxf3 11. Bxf3 g5 12. a5 Ba7 13. d3 g4 14. Bg2 h4 15. Be3 hxg3 16. fxg3 Bxe3+ 17. Rxe3 Qe6 18. Qxe6+ fxe6 19. Nd2 Ke7 20. Nc4 Nf6 21. Re2 Rh6 22. Ne3 Rah8 23. Bf1 Nd8 24. Rf2 Nf7 25. Be2 Ng5 26. Rg2 Nf3+ 27. Bxf3 gxf3 28. Rf2 Nd7 29. Raf1 Rf6 30. Rxf3 Rxf3 31. Rxf3 c5 32. h4 cxb4 33. cxb4 b6 34. axb6 Nxb6 35. Nc4 Nxc4 36. dxc4 Rc8 37. Rc3 Kf6 38. c5 dxc5 39. bxc5 a5 40. g4 a4 41. Kf2 a3 42. Rxa3 Rxc5 43. Kf3 Rc1 44. g5+ Kg6 45. Kg4 Rg1+ 46. Rg3 Rh1 47. Rg2 Re1 48. h5+ Kg7 49. h6+ Kg6 50. Kf3 Rf1+ 51. Ke2 Rh1 52. Kf2 Rh4 53. Kf3 Rf4+ 54. Ke3 Rh4 55. Kd3 Rh3+ 56. Kc4 Rh4 57. Kc5 Rxe4 58. Rh2 Re1 59. h7 Rc1+ 60. Kd6 Re1 61. Kxe6 1-0

[Event "Tom Weston Major op"]
[Site "Wales"]
[Date "2007.04.07"]
[Round "3"]
[White "Bridges, Paul"]
[Black "Bollada, Peter"]
[Result "0-1"]
[WhiteElo "1769"]
[BlackElo "1769"]
[PlyCount "34"]
[EventDate "2007.04.06"]
[EventType "swiss"]
[EventRounds "7"]
[EventCountry "WLS"]
[SourceTitle "EXT 2010"]
[Source "ChessBase"]
[SourceDate "2010.11.25"]
[SourceVersion "1"]
[SourceVersionDate "2010.11.25"]
[SourceQuality "1"]

1. e4 d6 2. d4 g6 3. Bd3 Bg7 4. c3 Nf6 5. f4 0-0 6. Nf3 Bg4 7. h3 Bd7 8. 0-0 c5 9. Be3 cxd4 10. cxd4 Nc6 11. a3 e5 12. fxe5 dxe5 13. d5 Ne7 14. Nxe5 Nfxd5 15. Nxf7 Nxe3 16. Qb3 Qb6 17. Nh6+ Kh8 0-1

[Event "Tom Weston Major op"]
[Site "Wales"]
[Date "2007.04.06"]
[Round "1"]
[White "Blackburn, Jonathan LB"]
[Black "Bollada, Peter"]
[Result "1/2-1/2"]
[WhiteElo "1520"]
[BlackElo "1769"]
[PlyCount "61"]
[EventDate "2007.04.06"]
[EventType "swiss"]
[EventRounds "7"]
[EventCountry "WLS"]
[SourceTitle "EXT 2010"]
[Source "ChessBase"]
[SourceDate "2010.11.25"]
[SourceVersion "1"]
[SourceVersionDate "2010.11.25"]
[SourceQuality "1"]

1. d4 Nf6 2. Nf3 g6 3. Bg5 Bg7 4. Nbd2 h6 5. Bh4 g5 6. Bg3 Nh5 7. Be5 f6 8. Bg3 d5 9. e3 Nxg3 10. hxg3 Bf5 11. c3 c6 12. Qe2 Qb6 13. Nb3 Nd7 14. Nfd2 Bg6 15. f4 0-0-0 16. e4 Bxe4 17. Nxe4 dxe4 18. Qxe4 e5 19. 0-0-0 Rhe8 20. Qf5 Kb8 21. Bc4 Qc7 22. dxe5 fxe5 23. fxg5 hxg5 24. Qxg5 Nf6 25. Rxd8+ Rxd8 26. Nc5 Rh8 27. Rxh8+ Bxh8 28. Qf5 Bg7 29. Ne6 Bh6+ 30. Kc2 Qd6 31. Qd3 1/2-1/2